|
|
|
|
| LEADER |
00000nam0a2200000 4500 |
| 001 |
183687 |
| 005 |
20231101223759.0 |
| 035 |
|
|
|a (RuTPU)RU\TPU\book\199142
|
| 090 |
|
|
|a 183687
|
| 100 |
|
|
|a 20100819d2009 k y0rusy50 ca
|
| 101 |
0 |
|
|a rus
|
| 102 |
|
|
|a RU
|
| 105 |
|
|
|a y z 001zy
|
| 200 |
1 |
|
|a Формирование экологического мировоззрения студентов технических вузов
|e монография
|f Л. Г. Полещук
|g Томский политехнический университет (ТПУ), Юргинский технологический институт (ЮТИ)
|
| 210 |
|
|
|a Томск
|c Изд-во ТПУ
|d 2009
|
| 215 |
|
|
|a 112 с.
|
| 320 |
|
|
|a Библиогр.: с. 102-112.
|
| 330 |
|
|
|a В монографии рассматриваются теоретико-методологические проблемы формирования экологического мировоззрения. Экспликация категории «экологическое мировоззрение» осуществляется на основе исторического, культурологического и системного подходов. Автор выявляет тенденцию к усилению значения в мировоззренческих выборах личности творческого начала. При этом творчество представлено как условие формирования экологического мировоззрения в системе высшего технического образования. Материал может быть использован в качестве методологического основания при проектировании программ экологического образования и воспитания. Предназначена для специалистов социально-гуманитарного профиля,а также для всех, интересующихся вопросами социальной философии,онтологии, теории познания, экологии.
|
| 606 |
1 |
|
|a Научное мировоззрение
|x Формирование в вузах
|2 stltpush
|3 (RuTPU)RU\TPU\subj\68662
|9 83853
|
| 610 |
1 |
|
|a педагогика
|
| 610 |
1 |
|
|a высшее образование
|
| 610 |
1 |
|
|a воспитание
|
| 610 |
1 |
|
|a студенты
|
| 610 |
1 |
|
|a вузы
|
| 610 |
1 |
|
|a экологическое мировоззрение
|
| 610 |
1 |
|
|a технические вузы
|
| 610 |
1 |
|
|a общество
|
| 610 |
1 |
|
|a природа
|
| 610 |
1 |
|
|a взаимодействие
|
| 610 |
1 |
|
|a социальная экология
|
| 610 |
1 |
|
|a монографии
|
| 610 |
1 |
|
|a труды учёных ТПУ
|
| 686 |
|
|
|a Ч481.350
|v LBC/SL-A
|2 rubbk
|
| 700 |
|
1 |
|a Полещук
|b Л. Г.
|c российский учёный в области философских наук
|c доцент Юргинского технологического института (филиал) Томского политехнического университета
|f 1959-
|g Лариса Генадьевна
|2 stltpush
|3 (RuTPU)RU\TPU\pers\24274
|
| 712 |
0 |
2 |
|a Томский политехнический университет (ТПУ)
|b Юргинский технологический институт (ЮТИ)
|c (2003-2009)
|2 stltpush
|3 (RuTPU)RU\TPU\col\12451
|
| 801 |
|
1 |
|a RU
|b 63413507
|c 20100819
|
| 801 |
|
2 |
|a RU
|b 63413507
|c 20150611
|g RCR
|
| 942 |
|
|
|c BK
|